| 000 | 00437nam a2200169Ia 4500 | ||
|---|---|---|---|
| 008 | 230524s9999 xx 000 0 und d | ||
| 082 |
_a610.32 _bMAT |
||
| 100 |
_aChristopher K.Mathews _923721 |
||
| 245 | 0 | _aBiochemistry | |
| 250 | _a3RD | ||
| 260 |
_aNEW DELHI _bPearson _c2005 |
||
| 300 | _aXXVIII;1106 | ||
| 500 | _aQuantity Number: 1 | ||
| 650 | _aBiomedical | ||
| 700 |
_a"K.E.van Holde,Kevin G.Ahern,,," _923722 |
||
| 942 | _cBK | ||
| 999 |
_c35258 _d35258 |
||